Football Club Word Scramble #1 - Statistics

General Stats
  • This quiz has been taken 44 times
  • The average score is 8 of 10
Answer Stats
Hint Answer % Correct
BOSURASI ONTMUDDR Borussia Dortmund
95%
NIRET NLAMI Inter Milan
92%
MEATNTOHT HRSTPOU Tottenham Hotspur
92%
STAALAYGRAA Galatasaray
89%
AMRCHSENET EITUDN Manchester United
86%
AOOMCN Monaco
84%
EROEYNDOF Feyenoord
81%
ILLSAVE Sevilla
78%
TAOECILT DAMIDR Atletico Madrid
76%
CFABNEI Benfica
76%
No matching quizzes found
Score Distribution
Percent of People with Each Score
Percentile by Number Answered
Your Score History
You have not taken this quiz